Ekonomický vývoj 1984 ČSSR, ČSR, SSR, kraje, okresy

Na minha lista:
Detalhes bibliográficos
Formato: Livro
Idioma:tcheco
Publicado em: Praha Federální statistický úřad 1985
Edição:1. vyd.
Tags: Adicionar Tag
Sem tags, seja o primeiro a adicionar uma tag!

MARC

LEADER 00000nam a2200000 4500
001 c109014
005 20221220081737.3
041 0 |a cze 
044 |a CZ 
245 1 0 |a Ekonomický vývoj 1984  |b ČSSR, ČSR, SSR, kraje, okresy 
250 |a 1. vyd. 
264 1 |a Praha  |b Federální statistický úřad  |c 1985 
300 |a 213 s.